Classifica Marcatori Cremonese All-Time - Statistics

Statistiche generali
  • Questo quiz è stato fatto 5 volte
  • Il punteggio medio è 5 su 11
Statistiche sulle risposte
Gol Nazione Calciatore % Corretto
32 Italia Daniel Ciofani
100%
76 Italia Andrea Brighenti
80%
49 Italia Gioacchino Prisciandaro
80%
55 Argentina Gustavo Dezotti
80%
45 Italia Andrea Tentoni
60%
38 Italia Massimo Coda Massimo Coda
60%
35 Italia Riccardo Maspero
20%
47 Italia Giancarlo Finardi
0%
32 Italia Luigi Gualco
0%
39 Italia Marco Nicoletti
0%
38 Italia Mario Barera
0%
Nessun quiz corrispondente trovato
Distribuzione punteggi
Percentuale di utenti per punteggio
Percentile per numero di risposta
I tuoi punteggi nel tempo
Non hai fatto questo quiz